Výrobná technika

Enregistré dans:
Détails bibliographiques
Auteur principal: Demeč, Peter (Auteur)
Format: Livre
Langue:slovaque
Publié: Košice : Technická univerzita v Košiciach, 2005
Édition:1. vyd
Collection:Edícia študijnej literatúry
Sujets:
Tags: Ajouter un tag
Pas de tags, Soyez le premier à ajouter un tag!

MARC

LEADER 00000nam a22000003a 4500
001 stu143545
005 20150617225952.4
008 070725s2005----xo------------------slo-d
020 |a 80-8073-426-7 
040 |a STU  |b slo 
041 0 |a slo 
044 |a xo 
080 |a 621 
100 1 |a Demeč, Peter  |4 aut 
245 1 |a Výrobná technika 
250 |a 1. vyd 
260 |a Košice :  |b Technická univerzita v Košiciach,  |c 2005 
300 |a 250 s 
650 7 |a výrobné stroje  |2 stusub 
830 0 |a Edícia študijnej literatúry 
996 |b 284M076650  |c M*S-1366-3  |l MMKN  |s A  |a 24  |w stu143545_0001 
996 |b 284M076651  |c M*S-1366-4  |l MMKN  |s A  |a 24  |w stu143545_0002 
996 |b 284M076652  |c M*S-1366-5  |l MMKN  |s A  |a 24  |w stu143545_0003 
996 |b 284M076648  |c M*S-1366-1  |l MMST  |s A  |a 24  |w stu143545_0004